[Event "PRO League Group Stage"]
[Site "chess.com INT"]
[Date "2018.02.28"]
[Round "8"]
[White "Van Kampen, Robin"]
[Black "Perez, Maximiliano"]
[Result "0-1"]
[WhiteTitle "GM"]
[BlackTitle "IM"]
[WhiteElo "2646"]
[BlackElo "2399"]
[WhiteTeam "Montreal Chessbrahs"]
[BlackTeam "Buenos Aires Krakens"]
[WhiteFideId "1020854"]
[BlackFideId "117234"]
[EventDate "2018.01.18"]

1. e4 c5 2. Nf3 g6 3. c4 Bg7 4. d4 cxd4 5. Nxd4 Nc6 6. Be3 Nf6 7. Nc3 d6 8. Be2
O-O 9. O-O Bd7 10. Qd2 Nxd4 11. Bxd4 Bc6 12. f3 a5 13. b3 Nd7 14. Be3 Nc5 15.
Rab1 Be5 16. Nd1 e6 17. Nf2 Qe7 18. Rbd1 Rfd8 19. Ng4 Bg7 20. Bg5 f6 21. Bh4 h5
22. Ne3 Bh6 23. Nf5 Bxd2 24. Nxe7+ Kf7 25. Rxd2 Kxe7 26. Rfd1 e5 27. Bf2 Ne6 28.
Bf1 g5 29. g3 g4 30. fxg4 hxg4 31. Be2 Ng5 32. Bb6 Rd7 33. Bxg4 Nxe4 34. Bxd7
Bxd7 35. Rxd6 Nxd6 36. Bc5 Ra6 37. h4 Ke6 38. h5 Nf7 39. Bf8 Ra8 40. Bg7 Rg8 41.
h6 Bc6 42. c5 f5 43. Kf1 f4 44. Rd6+ Nxd6 45. h7 Rxg7 46. h8=Q Nf5 47. gxf4 exf4
48. Qc8+ Ke5 49. a4 Ne3+ 50. Ke1 Rg2 51. Qh8+ Ke4 52. Qh7+ Kd4 53. Qh8+ Kd3 54.
Qh7+ Kc3 55. Qh8+ Kxb3 56. Qe5 Bf3 57. Qe6+ Ka3 58. c6 Re2# 0-1

[Event "PRO League Group Stage"]
[Site "chess.com INT"]
[Date "2018.02.28"]
[Round "8"]
[White "Van Wely, Loek"]
[Black "Vachier-Lagrave, Maxime"]
[Result "1/2-1/2"]
[WhiteTitle "GM"]
[BlackTitle "GM"]
[WhiteElo "2656"]
[BlackElo "2793"]
[WhiteTeam "Amsterdam Mosquitoes"]
[BlackTeam "Marseille Migraines"]
[WhiteFideId "1000268"]
[BlackFideId "623539"]
[EventDate "2018.01.18"]

1. c4 c5 2. Nf3 Nc6 3. g3 g6 4. Bg2 Bg7 5. O-O e6 6. Nc3 Nge7 7. a3 d5 8. cxd5
exd5 9. b4 d4 10. Ne4 d3 11. Rb1 cxb4 12. axb4 Bf5 13. Nh4 dxe2 14. Qxe2 Nd4 15.
Qd1 O-O 16. Nxf5 Nexf5 17. d3 h6 18. Nc5 Rb8 19. Nxb7 Qc8 20. Na5 Re8 21. Be4
Nd6 22. Bf4 Nxe4 23. dxe4 Rb5 24. f3 Rd8 25. Kg2 Rh5 26. Rf2 g5 27. Bd2 Qh3+ 28.
Kg1 Nf5 29. Nc6 Nxg3 30. Rc1 Rd3 31. Rg2 g4 32. fxg4 Rh4 33. Ne7+ Kh7 34. Nf5
Nxf5 35. exf5 Be5 36. Qe2 Bxh2+ 37. Rxh2 Rxg4+ 38. Kh1 Rxd2 39. Qxd2 Qf3+ 40.
Rg2 Qh3+ 41. Rh2 Qf3+ 42. Rg2 Qh3+ 43. Rh2 Qf3+ 44. Rg2 Qh3+ 1/2-1/2

[Event "PRO League Group Stage"]
[Site "chess.com INT"]
[Date "2018.02.28"]
[Round "8"]
[White "Van Wely, Loek"]
[Black "Gozzoli, Yannick"]
[Result "0-1"]
[WhiteTitle "GM"]
[BlackTitle "GM"]
[WhiteElo "2656"]
[BlackElo "2565"]
[WhiteTeam "Amsterdam Mosquitoes"]
[BlackTeam "Marseille Migraines"]
[WhiteFideId "1000268"]
[BlackFideId "616915"]
[EventDate "2018.01.18"]

1. Nf3 d5 2. g3 c6 3. Bg2 Bg4 4. c4 e6 5. O-O Nf6 6. d3 dxc4 7. dxc4 Qxd1 8.
Rxd1 Nbd7 9. Nc3 Bb4 10. Bd2 O-O 11. a3 Be7 12. b4 Bxf3 13. exf3 Ne5 14. c5 Nd5
15. Ne4 Rfd8 16. f4 Nc4 17. Be1 h6 18. Bf1 Nb2 19. Rdb1 Na4 20. Rb3 b5 21. cxb6
axb6 22. Rc1 Rdc8 23. Nd2 b5 24. Nf3 Bf6 25. Ne5 Bxe5 26. fxe5 Nab6 27. f4 Kf8
28. Bf2 Nd7 29. h4 h5 30. Kg2 Ke8 31. Kf3 g6 32. g4 hxg4+ 33. Kxg4 N7b6 34. Rd3
Nc4 35. Kg5 Kd7 36. Be2 Nxa3 37. Rb3 Rh8 38. Ra1 Nc4 39. Rxa8 Rxa8 40. Bc5 Nd2
41. Rd3 Ne4+ 42. Kh6 Nxc5 43. bxc5 Ke7 44. Kg7 Ra4 45. f5 exf5 46. h5 gxh5 47.
Bxh5 Nf4 0-1

[Event "PRO League Group Stage"]
[Site "chess.com INT"]
[Date "2018.02.28"]
[Round "8"]
[White "Sevian, Samuel"]
[Black "Kuybokarov, Temur"]
[Result "1-0"]
[WhiteTitle "GM"]
[BlackTitle "IM"]
[WhiteElo "2614"]
[BlackElo "2472"]
[WhiteTeam "San Diego Surfers"]
[BlackTeam "Australia Kangaroos"]
[WhiteFideId "2040506"]
[BlackFideId "14203049"]
[EventDate "2018.01.18"]

1. e4 c5 2. Nf3 e6 3. d4 cxd4 4. Nxd4 Nc6 5. Nc3 Qc7 6. Be3 a6 7. Be2 Nf6 8. O-O
Be7 9. f4 d6 10. Qe1 O-O 11. Kh1 Nxd4 12. Bxd4 b5 13. a3 Nd7 14. Qg3 Bf6 15.
Bxf6 Nxf6 16. Bd3 Bb7 17. Rae1 Nd7 18. Re3 e5 19. Nd5 Bxd5 20. exd5 h6 21. Qh3
Rae8 22. Rg3 exf4 23. Qxh6 1-0

[Event "PRO League Group Stage"]
[Site "chess.com INT"]
[Date "2018.02.28"]
[Round "8"]
[White "Demidov, Mikhail"]
[Black "Urkedal, Frode"]
[Result "1-0"]
[WhiteTitle "IM"]
[BlackTitle "GM"]
[WhiteElo "2523"]
[BlackElo "2572"]
[WhiteTeam "Volga Stormbringers"]
[BlackTeam "Oslo Trolls"]
[WhiteFideId "4197143"]
[BlackFideId "1506102"]
[EventDate "2018.01.18"]

1. d4 Nf6 2. Nf3 e6 3. c4 b6 4. e3 Bb7 5. Bd3 d5 6. Nc3 dxc4 7. Bxc4 Bd6 8. Qe2
Ne4 9. Bd3 Nxc3 10. bxc3 Nd7 11. O-O O-O 12. e4 e5 13. Bg5 Qe8 14. Rfe1 h6 15.
Bh4 Qe6 16. Bc4 Qg6 17. Bb5 c6 18. Bc4 Rae8 19. Bg3 Bb8 20. Rad1 b5 21. Bb3 a6
22. Nh4 Qf6 23. Qg4 Bc8 24. Qg6 Kh8 25. Qh5 c5 26. Nf3 exd4 27. e5 Qe7 28. Bh4
f6 29. exf6 Nxf6 30. Bxf6 1-0

[Event "PRO League Group Stage"]
[Site "chess.com INT"]
[Date "2018.02.28"]
[Round "8"]
[White "Skoberne, Jure"]
[Black "Perez, Flavio"]
[Result "1-0"]
[WhiteTitle "GM"]
[BlackTitle "FM"]
[WhiteElo "2553"]
[BlackElo "2279"]
[WhiteTeam "Ljubljana Turtles"]
[BlackTeam "Cannes Blockbusters"]
[WhiteFideId "14604299"]
[BlackFideId "623911"]
[EventDate "2018.01.18"]

1. f4 d5 2. Nf3 c5 3. b3 Nf6 4. e3 g6 5. Bb2 Bg7 6. Be2 Nc6 7. O-O O-O 8. Ne5
Qc7 9. Nc3 a6 10. Nxc6 Qxc6 11. Bf3 Be6 12. Ne2 Rfd8 13. Qe1 Rac8 14. Qh4 Qd7
15. d3 b5 16. h3 c4 17. Be5 Bf5 18. Rad1 cxd3 19. cxd3 Rc2 20. Nd4 Rxa2 21. g4
Be6 22. Bh1 Qa7 23. Rf2 Rxf2 24. Qxf2 Bd7 25. Rc1 Rc8 26. Rxc8+ Bxc8 27. Qc2 Qd7
28. Bg2 h5 29. g5 Ne8 30. Qc5 Bxe5 31. fxe5 Bb7 32. b4 Qc7 33. Qxc7 Nxc7 34. h4
Kg7 35. Bh3 f6 36. exf6+ exf6 37. Kf2 fxg5 38. hxg5 Kf7 39. Kg3 Ke7 40. Kf4 Kd6
41. Nf3 a5 42. bxa5 b4 43. Nd4 Ba6 44. Bf1 Nb5 45. Nb3 Nc7 46. e4 Ne6+ 47. Ke3
d4+ 48. Nxd4 Nxd4 49. Kxd4 h4 50. Bh3 b3 51. e5+ Ke7 52. Kc3 b2 53. Kxb2 Bxd3
54. Kc3 Ba6 55. Kd4 Kd8 56. Kc5 Bc8 57. Bg2 h3 58. Bh1 Ba6 59. Kb6 Bf1 60. Bb7
Bg2 61. a6 h2 62. Bxg2 1-0

[Event "PRO League Group Stage"]
[Site "chess.com INT"]
[Date "2018.02.28"]
[Round "8"]
[White "Skoberne, Jure"]
[Black "Cornette, Matthieu"]
[Result "0-1"]
[WhiteTitle "GM"]
[BlackTitle "GM"]
[WhiteElo "2553"]
[BlackElo "2611"]
[WhiteTeam "Ljubljana Turtles"]
[BlackTeam "Cannes Blockbusters"]
[WhiteFideId "14604299"]
[BlackFideId "620084"]
[EventDate "2018.01.18"]

1. Nf3 Nf6 2. g3 d5 3. Bg2 c5 4. O-O Nc6 5. d3 Bg4 6. c4 e6 7. Qa4 Qd7 8. Bg5
Be7 9. h3 Bxf3 10. exf3 Nb4 11. Qb3 O-O 12. Nc3 Rfd8 13. Rfd1 a5 14. Na4 Qc7 15.
f4 Rab8 16. a3 Nc6 17. Qb6 Qxb6 18. Nxb6 h6 19. Bxf6 Bxf6 20. cxd5 exd5 21. Rab1
Ne7 22. b4 cxb4 23. axb4 axb4 24. Rxb4 Rd6 25. Rb5 Rbd8 26. h4 Bd4 27. Na4 Ra6
28. Rb4 Nc6 29. Rdb1 b5 30. Rxb5 Rxa4 31. Bxd5 Ne7 32. Bc4 Nc8 33. Rb8 Ba7 34.
R8b4 Rxb4 35. Rxb4 Nd6 36. Ba2 Rc8 37. Ra4 Bb6 38. Ra6 Rb8 39. Kg2 Kf8 40. h5
Ke7 41. Kf3 Kd7 42. Bd5 Kc7 43. Ra2 Bd4 44. Re2 Kd7 0-1

[Event "PRO League Group Stage"]
[Site "chess.com INT"]
[Date "2018.02.28"]
[Round "8"]
[White "Le, Quang Liem"]
[Black "Shetty, Atulya"]
[Result "1-0"]
[WhiteTitle "GM"]
[BlackTitle "IM"]
[WhiteElo "2737"]
[BlackElo "2389"]
[WhiteTeam "Webster Windmills"]
[BlackTeam "Pittsburgh Pawngrabbers"]
[WhiteFideId "12401137"]
[BlackFideId "2031213"]
[EventDate "2018.01.18"]

1. d4 d5 2. Bf4 Nf6 3. e3 e6 4. Nf3 c5 5. Nbd2 Nc6 6. c3 Be7 7. h3 O-O 8. Bd3
Nh5 9. Bh2 c4 10. Bc2 f5 11. g4 Nf6 12. Ne5 Ne4 13. O-O Bd7 14. f3 Nxd2 15. Qxd2
Nxe5 16. Bxe5 Be8 17. gxf5 exf5 18. Kh2 b5 19. Rg1 Bf6 20. f4 Bxe5 21. dxe5 g6
22. Rad1 Bf7 23. Bxf5 Qb6 24. Bg4 a5 25. Bf3 Rad8 26. Qd4 Qe6 27. Qc5 Rc8 28.
Qxd5 Qb6 29. Qd4 Qc7 30. Qd6 Qa7 31. e6 Be8 32. e7 Rf5 33. Qe6+ Kg7 34. Qxf5 1-0

[Event "PRO League Group Stage"]
[Site "chess.com INT"]
[Date "2018.02.28"]
[Round "8"]
[White "Le, Quang Liem"]
[Black "Shabalov, Alexander"]
[Result "1-0"]
[WhiteTitle "GM"]
[BlackTitle "GM"]
[WhiteElo "2737"]
[BlackElo "2544"]
[WhiteTeam "Webster Windmills"]
[BlackTeam "Pittsburgh Pawngrabbers"]
[WhiteFideId "12401137"]
[BlackFideId "2008572"]
[EventDate "2018.01.18"]

1. d4 Nc6 2. Nf3 d6 3. c4 Bg4 4. Nc3 e5 5. d5 Nb8 6. e4 Nd7 7. Be2 g6 8. O-O Bg7
9. Ne1 Bxe2 10. Qxe2 h5 11. Nd3 Nh6 12. f3 O-O 13. g4 hxg4 14. fxg4 f6 15. Be3
Qe7 16. Rf2 Nf7 17. Raf1 Bh6 18. h4 Kg7 19. Nd1 Bxe3 20. Nxe3 Nh6 21. Rf3 Rh8
22. Qg2 Raf8 23. R1f2 Rh7 24. Kf1 Kg8 25. Ke2 c6 26. Rg3 Rg7 27. Qh3 Qe8 28. g5
fxg5 29. hxg5 Rxf2+ 30. Nxf2 Nf7 31. Qe6 Qd8 32. Neg4 Kf8 33. Nf6 Nc5 34. Qh3
Ke7 35. b4 Na6 36. Qe6+ Kf8 37. Nd7+ Kg8 38. Ng4 1-0

[Event "PRO League Group Stage"]
[Site "chess.com INT"]
[Date "2018.02.28"]
[Round "8"]
[White "Tiglon, Bryce"]
[Black "Aleskerov, Faik"]
[Result "1-0"]
[WhiteTitle "IM"]
[WhiteElo "2385"]
[BlackElo "2315"]
[WhiteTeam "Seattle Sluggers"]
[BlackTeam "San Jose Hackers"]
[WhiteFideId "2087456"]
[BlackFideId "13401262"]
[EventDate "2018.01.18"]

1. e4 d5 2. exd5 Nf6 3. d4 Nxd5 4. Nf3 g6 5. Be2 Bg7 6. O-O O-O 7. h3 Nb6 8. c4
c5 9. Be3 Nc6 10. d5 Bxb2 11. Nbd2 Nd4 12. Rb1 Nxe2+ 13. Qxe2 Bg7 14. Bxc5 Re8
15. Qe3 Nd7 16. Bd4 e5 17. dxe6 Rxe6 18. Qc3 Nf6 19. Rfd1 Qe8 20. Ng5 Rc6 21.
Re1 Qf8 22. Nde4 Nxe4 23. Nxe4 f6 24. c5 b6 25. Nd6 Ba6 26. Qb3+ Kh8 27. Nf7+
Kg8 28. Nh6+ Kh8 29. Nf7+ Kg8 30. Ne5+ Kh8 31. Nxc6 Bb7 32. Na5 Bc8 33. cxb6
axb6 34. Bxb6 Bf5 35. Rbd1 h5 36. Nc6 Ra6 37. Rd8 1-0

[Event "PRO League Group Stage"]
[Site "chess.com INT"]
[Date "2018.02.28"]
[Round "8"]
[White "Tiglon, Bryce"]
[Black "Izoria, Zviad"]
[Result "0-1"]
[WhiteTitle "IM"]
[BlackTitle "GM"]
[WhiteElo "2385"]
[BlackElo "2599"]
[WhiteTeam "Seattle Sluggers"]
[BlackTeam "San Jose Hackers"]
[WhiteFideId "2087456"]
[BlackFideId "13601733"]
[EventDate "2018.01.18"]

1. e4 e6 2. d4 d5 3. Nd2 c5 4. exd5 exd5 5. Ngf3 c4 6. b3 cxb3 7. axb3 Bd6 8.
Be2 Ne7 9. O-O O-O 10. c4 Nbc6 11. Bb2 f6 12. Bc3 a6 13. Re1 Bg4 14. Qb1 Qd7 15.
Bd3 g6 16. b4 Rae8 17. b5 axb5 18. Qxb5 Nb4 19. Qxd7 Bxd7 20. Bb1 Nec6 21. c5
Bc7 22. Ra4 Rxe1+ 23. Nxe1 Nxd4 24. Rxb4 Ne2+ 25. Kf1 Nxc3 26. Rxb7 Rc8 27. Bc2
Bc6 28. Ra7 Nb5 29. Ra1 Be5 30. Rc1 Bb2 31. Rb1 Bc3 32. Rd1 Bb4 33. Nd3 Bc3 34.
Nb1 d4 35. Bb3+ Kf8 36. Bc4 Ba5 37. Nf4 Nc3 38. Ne6+ Ke7 39. Re1 Nxb1 40. Rxb1
d3 41. Nd4 Be4 42. Nb3 d2 43. Ra1 Bc3 44. Ra7+ Kf8 45. Be2 Bc2 0-1

[Event "PRO League Group Stage"]
[Site "chess.com INT"]
[Date "2018.02.28"]
[Round "8"]
[White "Vachier-Lagrave, Maxime"]
[Black "Admiraal, Miguoel"]
[Result "1/2-1/2"]
[WhiteTitle "GM"]
[BlackTitle "IM"]
[WhiteElo "2793"]
[BlackElo "2453"]
[WhiteTeam "Marseille Migraines"]
[BlackTeam "Amsterdam Mosquitoes"]
[WhiteFideId "623539"]
[BlackFideId "1019716"]
[EventDate "2018.01.18"]

1. e4 c6 2. Nc3 d5 3. Qf3 e5 4. exd5 Nf6 5. dxc6 Nxc6 6. Bb5 Bd7 7. Nge2 Bc5 8.
O-O O-O 9. d3 Nb4 10. Bg5 Bxb5 11. Nxb5 a6 12. Nbc3 Nxc2 13. Rac1 Nb4 14. a3 Nc6
15. Bxf6 Qxf6 16. Qxf6 gxf6 17. Nd5 Bd4 18. Ng3 Bxb2 19. Rb1 Bxa3 20. Rxb7 a5
21. Nxf6+ Kh8 22. Ra1 Bb4 23. Rc1 Ra7 24. Rxa7 Nxa7 25. Rc4 Rc8 26. Rxc8+ Nxc8
27. Nd5 Bc5 28. Ne4 Bd4 29. Nec3 Ne7 30. Nxe7 Bxc3 31. Nd5 Bd4 32. g4 Kg7 33.
Kg2 Kg6 34. h4 h5 35. f3 a4 36. Nb4 f5 37. g5 f4 38. Kf1 a3 39. Na2 Kf5 40. Kg2
Ke6 41. Kf1 Be3 42. Nc3 Bd4 43. Na2 Bb6 44. Kg2 Bd8 45. Kf1 Be7 46. Ke2 Kf5 47.
Nc3 Bb4 48. Na2 Bc5 49. Kf1 Bd4 50. Kg2 Bc5 51. Kf1 Bd4 1/2-1/2

[Event "PRO League Group Stage"]
[Site "chess.com INT"]
[Date "2018.02.28"]
[Round "8"]
[White "Vachier-Lagrave, Maxime"]
[Black "Van der Lende, Ilias"]
[Result "1-0"]
[WhiteTitle "GM"]
[BlackTitle "FM"]
[WhiteElo "2793"]
[BlackElo "2332"]
[WhiteTeam "Marseille Migraines"]
[BlackTeam "Amsterdam Mosquitoes"]
[WhiteFideId "623539"]
[BlackFideId "1019260"]
[EventDate "2018.01.18"]

1. e4 e6 2. d4 d5 3. Bd3 dxe4 4. Bxe4 Nf6 5. Bf3 c5 6. Ne2 Nc6 7. Be3 Nd5 8.
Bxd5 Qxd5 9. Nbc3 Qh5 10. Nb5 Rb8 11. O-O Be7 12. d5 exd5 13. Bf4 O-O 14. Bxb8
Nxb8 15. Nf4 Qxd1 16. Raxd1 d4 17. Rfe1 Bd8 18. Nd6 Bg4 19. f3 Bc7 20. Nxb7 Bxf3
21. gxf3 Bxf4 22. Nxc5 Be3+ 23. Kg2 Rc8 24. c3 Nc6 25. Nb3 f5 26. Nxd4 Nxd4 27.
Rxe3 1-0

[Event "PRO League Group Stage"]
[Site "chess.com INT"]
[Date "2018.02.28"]
[Round "8"]
[White "Van der Lende, Ilias"]
[Black "Maurizzi, Marc Andria"]
[Result "1-0"]
[WhiteTitle "FM"]
[BlackTitle "CM"]
[WhiteElo "2332"]
[BlackElo "2018"]
[WhiteTeam "Amsterdam Mosquitoes"]
[BlackTeam "Marseille Migraines"]
[WhiteFideId "1019260"]
[BlackFideId "36083534"]
[EventDate "2018.01.18"]

1. d4 Nf6 2. c4 e6 3. Nc3 Bb4 4. e3 O-O 5. Ne2 c5 6. a3 Bxc3+ 7. Nxc3 cxd4 8.
exd4 d5 9. Bd3 dxc4 10. Bxc4 a6 11. O-O b5 12. Bb3 Bb7 13. Bg5 Nbd7 14. d5 exd5
15. Nxd5 h6 16. Nxf6+ Nxf6 17. Qxd8 Rfxd8 18. Bxf6 gxf6 19. Rfd1 Rac8 20. f3 Kg7
21. Kf2 f5 22. g3 Kf6 23. Rxd8 Rxd8 24. Rd1 Rxd1 25. Bxd1 Ke7 26. Ke3 Bc8 27.
Kd4 Kd6 28. b4 Bb7 29. Bc2 Bxf3 30. Bxf5 Bb7 31. Bg4 f6 32. Bf5 Bc6 33. Bc8 Kc7
34. Bxa6 Kd6 35. Bc8 Bh1 36. Bg4 Bb7 37. Bd1 Bc6 38. Bb3 Bb7 39. a4 bxa4 40.
Bxa4 Ba8 41. Bc2 Bb7 42. h4 Bf3 43. Be4 Be2 44. Bd3 Bf3 45. b5 Bb7 46. Be4 1-0

[Event "PRO League Group Stage"]
[Site "chess.com INT"]
[Date "2018.02.28"]
[Round "8"]
[White "Van der Lende, Ilias"]
[Black "Maze, Sebastien"]
[Result "0-1"]
[WhiteTitle "FM"]
[BlackTitle "GM"]
[WhiteElo "2332"]
[BlackElo "2620"]
[WhiteTeam "Amsterdam Mosquitoes"]
[BlackTeam "Marseille Migraines"]
[WhiteFideId "1019260"]
[BlackFideId "613762"]
[EventDate "2018.01.18"]

1. d4 Nf6 2. Nf3 g6 3. g3 Bg7 4. Bg2 O-O 5. O-O d6 6. c4 Nbd7 7. Nc3 e5 8. e4 a6
9. Re1 c6 10. b3 b5 11. Bb2 Bb7 12. Rb1 Re8 13. d5 cxd5 14. cxd5 Qa5 15. a3 Rac8
16. b4 Qc7 17. Bf1 Nb6 18. a4 Nc4 19. Ba1 Qb6 20. axb5 axb5 21. Nd2 Ng4 22. Qxg4
Nxd2 23. Rbd1 Nc4 24. h4 h5 25. Qf3 Rc7 26. g4 hxg4 27. Qxg4 Bc8 28. Qf3 Bh6 29.
h5 Bf4 30. Bh3 Nd2 31. Qg2 Nb3 32. Bxc8 Rexc8 33. Ne2 Bd2 34. Rf1 Bxb4 35. Ng3
Kf8 36. Qf3 Nd2 37. Rxd2 Bxd2 38. hxg6 Bf4 39. g7+ Kg8 40. Nh5 f5 41. Nxf4 Rxg7+
42. Ng2 fxe4 43. Qh3 Re8 44. Rc1 b4 45. Rc8 Rxc8 46. Qxc8+ Kf7 47. Qe6+ Kf8 48.
Bxe5 Rf7 49. Bxd6+ Kg8 50. Qe8+ Kg7 51. Be5+ Kg6 52. Qg8+ Kf5 53. Qxf7+ Kxe5 54.
Qf4+ Kxd5 55. Ne3+ Kd4 56. Nf5+ Kd5 57. Ne3+ Kd4 58. Qf7 b3 59. Qc4+ Ke5 60.
Qc3+ Ke6 61. Qc4+ Kd7 62. Qf7+ Kd8 63. Qf8+ Kd7 64. Qf5+ Kd8 65. Qxe4 b2 66.
Qd3+ Ke8 67. Qe4+ Kf7 68. Qf5+ Kg7 69. Qb1 Qg6+ 0-1

[Event "PRO League Group Stage"]
[Site "chess.com INT"]
[Date "2018.02.28"]
[Round "8"]
[White "Carlsen, Magnus"]
[Black "Lalith, Babu M R"]
[Result "0-1"]
[WhiteTitle "GM"]
[BlackTitle "GM"]
[WhiteElo "2834"]
[BlackElo "2542"]
[WhiteTeam "Norway Gnomes"]
[BlackTeam "Delhi Dynamite"]
[WhiteFideId "1503014"]
[BlackFideId "5024595"]
[EventDate "2018.01.18"]

1. f3 e5 2. Nh3 d5 3. Nf2 Nf6 4. g3 Bc5 5. Bg2 Bxf2+ 6. Kxf2 Nc6 7. d3 Be6 8. e4
Qe7 9. Re1 O-O-O 10. Kg1 dxe4 11. fxe4 Ng4 12. Be3 Nxe3 13. Rxe3 h5 14. h3 h4
15. g4 Qc5 16. Qd2 Ne7 17. Nc3 Ng6 18. Qf2 Kb8 19. Rf3 Qb4 20. Nd1 Nf4 21. a3
Qb5 22. Bf1 Qd7 23. Ne3 g6 24. Ng2 Nxg2 25. Bxg2 f5 26. exf5 gxf5 27. Re1 fxg4
28. hxg4 Bxg4 29. Rf7 Qd6 30. Rf6 Qe7 31. Rf7 Qe8 32. Qf6 Rg8 33. Rxe5 Qa4 34.
Rc5 Bh3 35. Rg7 Bxg2 36. Kxg2 Rxg7+ 37. Qxg7 Qf4 38. Rc4 h3+ 39. Kh1 Qf3+ 40.
Kh2 Qf2+ 41. Kxh3 Qf3+ 42. Kh2 Qf2+ 43. Kh3 Qf3+ 44. Kh2 Rc8 45. Qe5 Qf2+ 46.
Kh3 Qf3+ 47. Kh2 a6 48. Rf4 Qc6 49. Rc4 Qh6+ 50. Kg3 Qh1 51. Kf2 Rf8+ 52. Rf4
Rg8 53. Ke2 Qh2+ 54. Ke3 Qxc2 55. Rc4 Qg2 56. Qxc7+ Ka8 57. Rc2 Re8+ 58. Kd4
Qg4+ 59. Kc3 Rc8 60. Qc4 Rxc4+ 61. dxc4 Qf3+ 62. Kb4 Kb8 63. Rc3 Qd1 64. a4 Kc7
65. c5 Kc6 66. Ka3 a5 67. Rc4 Kd5 68. Rc3 Qd4 69. c6 Qb4+ 70. Ka2 Qxa4+ 71. Kb1
bxc6 72. Rh3 Kc5 73. Rc3+ Kb5 74. Re3 Qd4 75. Rb3+ Kc4 76. Ra3 Kb4 77. Ka1 a4
78. Kb1 Qd1+ 79. Ka2 Qd5+ 80. Kb1 Qb3 81. Rxb3+ Kxb3 82. Ka1 Kc4 83. Ka2 Kb4 84.
Ka1 a3 85. bxa3+ Kxa3 86. Kb1 Kb3 0-1

[Event "PRO League Group Stage"]
[Site "chess.com INT"]
[Date "2018.02.28"]
[Round "8"]
[White "Ehlvest, Jaan"]
[Black "Manukian, Artak"]
[Result "1-0"]
[WhiteTitle "GM"]
[WhiteElo "2536"]
[BlackElo "2196"]
[WhiteTeam "Estonia Horses"]
[BlackTeam "Armenia Eagles"]
[WhiteFideId "4500016"]
[BlackFideId "13301373"]
[EventDate "2018.01.18"]

1. e4 e6 2. d4 d5 3. exd5 exd5 4. Nf3 Nf6 5. Bd3 Bd6 6. h3 O-O 7. O-O h6 8. Nc3
c6 9. Ne5 Nbd7 10. Bf4 Qc7 11. Re1 Re8 12. Qf3 Nxe5 13. dxe5 Rxe5 14. Bxe5 Bxe5
15. Bf5 Bxf5 16. Qxf5 Bxc3 17. bxc3 Qd6 18. Re3 Qa3 19. c4 Qb2 20. Ree1 dxc4 21.
Rab1 Qxa2 22. Rxb7 a5 23. Reb1 Re8 24. Rb8 c3 25. Rxe8+ Nxe8 26. Rb8 Qa1+ 27.
Kh2 Qe1 28. f4 Kf8 29. Qxa5 Qe7 30. Qxc3 Qd6 31. Qe5 Qxe5 32. fxe5 Ke7 33. Kg3
g5 34. Kg4 Ng7 35. Rg8 Ne6 36. g3 Nd4 37. c4 c5 38. Rh8 Ke6 39. Rxh6+ Kxe5 40.
Kxg5 Nf3+ 41. Kg4 Nh2+ 42. Kh5 Kd4 43. Rf6 Kxc4 44. Rf2 1-0

[Event "PRO League Group Stage"]
[Site "chess.com INT"]
[Date "2018.02.28"]
[Round "8"]
[White "Ehlvest, Jaan"]
[Black "Ter-Sahakyan, Samvel"]
[Result "1-0"]
[WhiteTitle "GM"]
[BlackTitle "GM"]
[WhiteElo "2536"]
[BlackElo "2563"]
[WhiteTeam "Estonia Horses"]
[BlackTeam "Armenia Eagles"]
[WhiteFideId "4500016"]
[BlackFideId "13302531"]
[EventDate "2018.01.18"]

1. e4 c5 2. Nf3 d6 3. Bb5+ Nd7 4. a4 Nf6 5. Nc3 a6 6. Bc4 Qa5 7. Rb1 e6 8. O-O
Be7 9. d3 O-O 10. Bg5 Rb8 11. Nd2 Qc7 12. f4 Qc6 13. a5 Qc7 14. Ra1 b5 15. axb6
Rxb6 16. Bb3 Rb8 17. Qe2 Bb7 18. f5 e5 19. Nc4 h6 20. Bxf6 Nxf6 21. Ne3 a5 22.
Bc4 Bc6 23. b3 Rb4 24. h4 Qd8 25. g3 Kh7 26. Ra2 g5 27. hxg5 hxg5 28. Ncd5 Bxd5
29. Nxd5 Kg7 30. Nxb4 cxb4 31. Kg2 Qb6 32. Rfa1 Ra8 33. Qf2 Bd8 34. Qxb6 Bxb6
35. Kf3 Rh8 36. Rxa5 Rh2 37. g4 Rf2+ 38. Kg3 Rf4 39. Ra7 Rxg4+ 40. Kf3 Rf4+ 41.
Ke2 Bxa7 42. Rxa7 Ng4 43. Rxf7+ Kh6 44. Rd7 Rf2+ 45. Ke1 Rxc2 46. Rxd6+ Kh5 47.
f6 Ne3 48. f7 Ng2+ 49. Kf1 Ne3+ 50. Kg1 Kh4 51. f8=Q Kg3 52. Qf1 Nxf1 53. Kxf1
g4 54. d4 Kf3 55. Rf6+ Kxe4 56. d5 g3 57. d6 Rd2 58. Bb5 g2+ 59. Kg1 Kd4 60. d7
Kc5 61. Ba4 1-0

[Event "PRO League Group Stage"]
[Site "chess.com INT"]
[Date "2018.02.28"]
[Round "8"]
[White "Manukian, Artak"]
[Black "Guseinov, Gadir"]
[Result "0-1"]
[BlackTitle "GM"]
[WhiteElo "2196"]
[BlackElo "2646"]
[WhiteTeam "Armenia Eagles"]
[BlackTeam "Estonia Horses"]
[WhiteFideId "13301373"]
[BlackFideId "13401378"]
[EventDate "2018.01.18"]

1. e4 c5 2. Nf3 g6 3. c3 d5 4. exd5 Qxd5 5. d4 Bg7 6. Na3 cxd4 7. Bc4 Qe4+ 8.
Be3 Nh6 9. cxd4 O-O 10. O-O Bg4 11. Ng5 Qxe3 12. fxe3 Bxd1 13. Raxd1 Nc6 14. Nc2
Rad8 15. h3 e6 16. g4 Rfe8 17. a3 Re7 18. Rd2 a6 19. Rfd1 Kh8 20. b4 Ng8 21. Ne4
Nf6 22. Nxf6 Bxf6 23. Kf2 Kg7 24. Ke2 Bg5 25. Bb3 h6 26. Ne1 Na7 27. Nf3 Nb5 28.
Rd3 Bf6 29. a4 Nd6 30. h4 g5 31. h5 Rc8 32. R1d2 Rec7 33. Ra2 Ne4 34. Ra1 Be7
35. b5 axb5 36. axb5 Bd6 37. Nd2 Nf6 38. Kf3 Bb4 39. Ne4 Nd7 40. Bd1 f5 41. gxf5
exf5 42. Nf2 Nf6 43. Rb3 Bd6 44. Nd3 Re7 45. Nb4 g4+ 46. Kg2 Bxb4 47. Rxb4 Rxe3
48. Ra7 Nxh5 49. Rxb7+ Kf6 50. b6 Nf4+ 51. Kf2 Rd3 52. Rc7 g3+ 53. Ke1 Re8+ 0-1